[Event "Interzonal-12a"]
[Site "Las Palmas"]
[Date "1982.07.23"]
[Round "9"]
[White "Petrosian, Tigran V"]
[Black "Pinter, Jozsef"]
[Result "1/2-1/2"]
[WhiteElo "2605"]
[BlackElo "2520"]
[PlyCount "96"]
[EventDate "1982.07.12"]
[EventType "tourn"]
[EventRounds "13"]
[EventCountry "ESP"]
[EventCategory "12"]
[SourceTitle "IZT"]
[Source "ChessBase"]
[SourceDate "1999.07.01"]
[SourceVersion "1"]
[SourceVersionDate "1999.07.01"]
[SourceQuality "1"]

1. c4 Nf6 2. Nf3 c5 3. g3 d5 4. cxd5 Nxd5 5. Bg2 Nc6 6. d4 cxd4 7. Nxd4 Ndb4 8. Nxc6 Qxd1+ 9. Kxd1 Nxc6 10. Bxc6+ bxc6 11. Nc3 g6 12. Be3 Bg7 13. Rc1 Be6 14. b3 h5 15. h4 0-0 16. Na4 Rfd8+ 17. Ke1 Be5 18. Rg1 Bd5 19. f3 f5 20. Kf2 Kf7 21. Rc2 Bd6 22. Re1 Rdc8 23. Rd1 Rd8 24. Rcd2 Rdc8 25. Rd3 Be6 26. Bc5 Bc7 27. Rc1 Ba5 28. Rc2 Rd8 29. Rxd8 Bxd8 30. Bd4 Bd7 31. Nc5 Be8 32. Nd3 Ke6 33. Rc4 Bb6 34. Rb4 Rb8 35. e4 fxe4 36. fxe4 Rd8 37. Nf4+ Kf7 38. Bxb6 axb6 39. Rxb6 Rd2+ 40. Ke3 Rxa2 41. Rb7 Ra5 42. Nd3 Rb5 43. Rxb5 cxb5 44. Kf4 Kf6 45. b4 Bc6 46. Ne5 Be8 47. Nf3 Bd7 48. Ne5 Be8 1/2-1/2

[Event "Interzonal-12a"]
[Site "Las Palmas"]
[Date "1982.07.12"]
[Round "1"]
[White "Tukmakov, Vladimir B"]
[Black "Petrosian, Tigran V"]
[Result "1-0"]
[WhiteElo "2500"]
[BlackElo "2605"]
[PlyCount "65"]
[EventDate "1982.07.12"]
[EventType "tourn"]
[EventRounds "13"]
[EventCountry "ESP"]
[EventCategory "12"]
[SourceTitle "IZT"]
[Source "ChessBase"]
[SourceDate "1999.07.01"]
[SourceVersion "1"]
[SourceVersionDate "1999.07.01"]
[SourceQuality "1"]

1. c4 Nf6 2. d4 e6 3. Nf3 b6 4. g3 Bb7 5. Bg2 Be7 6. Nc3 Ne4 7. Bd2 Bf6 8. 0-0 0-0 9. Rc1 d6 10. d5 Bxc3 11. Bxc3 Nxc3 12. Rxc3 e5 13. Nd2 Nd7 14. f4 a5 15. f5 Nf6 16. Ne4 Bc8 17. Qd2 Bd7 18. b3 h6 19. h4 Kh7 20. Nxf6+ Qxf6 21. Be4 h5 22. a3 Rh8 23. Kg2 Kg8 24. Qg5 Qh6 25. Qe7 Qd2 26. Rc2 Qd4 27. Kf3 Be8 28. f6 Rh6 29. fxg7 Kxg7 30. e3 Qc5 31. b4 axb4 32. axb4 Qxb4 33. Kg2 1-0

[Event "URS-chT Cup 12th"]
[Site "Kislovodsk"]
[Date "1982.06.??"]
[Round "5"]
[White "Petrosian, Tigran V"]
[Black "Bronstein, David Ionovich"]
[Result "1-0"]
[WhiteElo "2605"]
[BlackElo "2495"]
[PlyCount "83"]
[EventDate "1982.06.??"]
[EventType "team-tourn"]
[EventRounds "7"]
[EventCountry "URS"]
[SourceTitle "EXT 2020"]
[Source "ChessBase"]
[SourceDate "2019.10.17"]
[SourceVersion "1"]
[SourceVersionDate "2019.10.17"]
[SourceQuality "1"]
[WhiteTeam "Spartak"]
[BlackTeam "Dinamo"]
[WhiteTeamCountry "URS"]
[BlackTeamCountry "URS"]

1. d4 Nf6 2. c4 e6 3. Nf3 b6 4. Nc3 Bb4 5. e3 Bb7 6. Bd3 c5 7. 0-0 0-0 8. Na4 Qe7 9. a3 Ba5 10. Rb1 Ne4 11. b3 f5 12. Qe2 Bc6 13. Qc2 Na6 14. Ne5 Bb7 15. Be2 Rac8 16. f3 Nf6 17. Nd3 Bc6 18. Nc3 Bxc3 19. Qxc3 d6 20. Bb2 Nb8 21. Rfd1 Nbd7 22. Rd2 Rfe8 23. dxc5 bxc5 24. Rbd1 Red8 25. Qa5 e5 26. Nf2 Nb6 27. Qc3 Rd7 28. Bd3 Qe6 29. Qc2 g6 30. Qc3 Re8 31. f4 Rde7 32. Bf1 Nc8 33. fxe5 dxe5 34. Qa5 Nd7 35. b4 Rf7 36. bxc5 Qe7 37. Nd3 Be4 38. c6 Bxc6 39. Nb4 Qe6 40. c5 Be4 41. Rc1 Ref8 42. Bc4 1-0

[Event "Bugojno"]
[Site "Bugojno"]
[Date "1982.05.22"]
[Round "12"]
[White "Petrosian, Tigran V"]
[Black "Kavalek, Lubomir"]
[Result "1/2-1/2"]
[WhiteElo "2605"]
[BlackElo "2590"]
[PlyCount "82"]
[EventDate "1982.05.07"]
[EventType "tourn"]
[EventRounds "13"]
[EventCountry "YUG"]
[EventCategory "14"]
[SourceTitle "MCD"]
[Source "ChessBase"]
[SourceDate "1999.07.01"]
[SourceVersion "1"]
[SourceVersionDate "1999.07.01"]
[SourceQuality "1"]

1. d4 Nf6 2. Nf3 e6 3. c4 d5 4. Nc3 Be7 5. Bg5 0-0 6. e3 Nbd7 7. a3 c6 8. Qc2 b6 9. cxd5 cxd5 10. Bd3 Bb7 11. 0-0 Rc8 12. Nd2 h6 13. Bh4 Nh5 14. Bxe7 Qxe7 15. Qa4 a6 16. Qb4 Qd8 17. Rfc1 a5 18. Qb3 Nhf6 19. Rc2 Qe7 20. Rac1 Rfd8 21. Bb5 Rc7 22. f4 Rdc8 23. Nf3 Qd8 24. h3 Nb8 25. Bd3 Nbd7 26. Kh2 Ne8 27. Ne5 Nd6 28. Nxd7 Rxd7 29. Na4 Rxc2 30. Rxc2 Nc8 31. Qc3 Re7 32. b4 axb4 33. Qxb4 Rc7 34. Rb2 Bc6 35. Nc3 Ra7 36. a4 Qe7 37. Kg1 Qxb4 38. Rxb4 Kf8 39. Kf2 Ke7 40. f5 Nd6 41. fxe6 fxe6 1/2-1/2

[Event "Bugojno"]
[Site "Bugojno"]
[Date "1982.05.15"]
[Round "7"]
[White "Petrosian, Tigran V"]
[Black "Ivkov, Borislav"]
[Result "1-0"]
[WhiteElo "2605"]
[BlackElo "2480"]
[PlyCount "98"]
[EventDate "1982.05.07"]
[EventType "tourn"]
[EventRounds "13"]
[EventCountry "YUG"]
[EventCategory "14"]
[SourceTitle "MCD"]
[Source "ChessBase"]
[SourceDate "1999.07.01"]
[SourceVersion "1"]
[SourceVersionDate "1999.07.01"]
[SourceQuality "1"]

1. c4 g6 2. e4 Bg7 3. d4 d6 4. Nc3 Nc6 5. Be3 e5 6. d5 Nce7 7. c5 f5 8. cxd6 cxd6 9. Bb5+ Bd7 10. Bxd7+ Qxd7 11. f3 Nf6 12. Nh3 h6 13. Nf2 0-0 14. Qa4 Qxa4 15. Nxa4 Rac8 16. Nc3 a6 17. Ke2 Kh7 18. Rac1 Nd7 19. Nb1 Rxc1 20. Rxc1 Rc8 21. Na3 Rxc1 22. Bxc1 h5 23. Nc4 Nc8 24. Bd2 Bf6 25. Na5 b6 26. Nc6 Kg7 27. Be3 Kf7 28. Nd3 Ke8 29. a4 Bd8 30. Ndb4 a5 31. Na2 f4 32. Bf2 g5 33. Kd3 Nf8 34. h3 Ng6 35. Nc3 Bf6 36. Kc4 Kd7 37. Kb5 Kc7 38. Ka6 g4 39. hxg4 hxg4 40. fxg4 Bh4 41. Nd1 Bxf2 42. Nxf2 Nce7 43. Nxe7 Nxe7 44. g5 Ng6 45. Ng4 Nh4 46. Ka7 Ng6 47. Nh2 Nh4 48. Nf3 Ng6 49. b3 Nf8 1-0

[Event "Bugojno"]
[Site "Bugojno"]
[Date "1982.05.12"]
[Round "5"]
[White "Petrosian, Tigran V"]
[Black "Ivanovic, Bozidar"]
[Result "1/2-1/2"]
[WhiteElo "2605"]
[BlackElo "2485"]
[PlyCount "82"]
[EventDate "1982.05.07"]
[EventType "tourn"]
[EventRounds "13"]
[EventCountry "YUG"]
[EventCategory "14"]
[SourceTitle "MCD"]
[Source "ChessBase"]
[SourceDate "1999.07.01"]
[SourceVersion "1"]
[SourceVersionDate "1999.07.01"]
[SourceQuality "1"]

1. d4 d5 2. c4 e6 3. Nf3 Be7 4. Nc3 Nf6 5. Bg5 h6 6. Bh4 0-0 7. e3 b6 8. Bxf6 Bxf6 9. cxd5 exd5 10. Qd2 Be6 11. Rd1 c6 12. g3 Qd6 13. Bg2 Bf5 14. 0-0 Nd7 15. Qe2 Rfe8 16. Rd2 Rac8 17. Rfd1 Rc7 18. Qf1 Be7 19. Bh3 Qe6 20. Bxf5 Qxf5 21. Kg2 Nf6 22. Qd3 Qc8 23. a3 Bd6 24. Rc2 Ne4 25. Rdc1 Ree7 26. Qd1 Nf6 27. Ne1 h5 28. Nf3 g6 29. Qd3 Kg7 30. b4 Ne4 31. Qe2 Nf6 32. Na4 Ne4 33. Nb2 c5 34. dxc5 bxc5 35. bxc5 Bxc5 36. Qd3 Qf5 37. Nd1 Kh7 38. a4 Bb6 39. Rxc7 Rxc7 40. Rxc7 Bxc7 41. Qa6 Bb6 1/2-1/2

[Event "Bugojno"]
[Site "Bugojno"]
[Date "1982.05.09"]
[Round "3"]
[White "Petrosian, Tigran V"]
[Black "Andersson, Ulf"]
[Result "1/2-1/2"]
[WhiteElo "2605"]
[BlackElo "2605"]
[PlyCount "54"]
[EventDate "1982.05.07"]
[EventType "tourn"]
[EventRounds "13"]
[EventCountry "YUG"]
[EventCategory "14"]
[SourceTitle "MCD"]
[Source "ChessBase"]
[SourceDate "1999.07.01"]
[SourceVersion "1"]
[SourceVersionDate "1999.07.01"]
[SourceQuality "1"]

1. d4 Nf6 2. Nf3 e6 3. c4 b6 4. a3 Bb7 5. Nc3 d5 6. cxd5 Nxd5 7. e3 Be7 8. Bb5+ c6 9. Bd3 c5 10. Nxd5 Qxd5 11. dxc5 Bxc5 12. e4 Qd8 13. Bb5+ Bc6 14. Qe2 Bxb5 15. Qxb5+ Qd7 16. Qe2 0-0 17. 0-0 Qb7 18. Rd1 Nd7 19. Bg5 Rfe8 20. b4 Be7 21. Bxe7 Rxe7 22. e5 h6 23. Rd4 Nf8 24. Rad1 Rc8 25. h4 Rd7 26. Rxd7 Nxd7 27. Nd4 a6 1/2-1/2